Burbujas especulativas racionales (Registro nro. 25509)

Detalles MARC
000 -LEADER
fixed length control field 00320 a2200109 4500
001 - CONTROL NUMBER
control field ART_11372
005 - DATE AND TIME OF LATEST TRANSACTION
control field 20260410161856.0
008 - FIXED-LENGTH DATA ELEMENTS--GENERAL INFORMATION
fixed length control field 260409a
100 1# - MAIN ENTRY--PERSONAL NAME
Personal name Jacobo, Alejandro D.
245 10 - TITLE STATEMENT
Title Burbujas especulativas racionales
773 0# - HOST ITEM ENTRY
Title Revista de Economía
Related parts - Nº 79 (oct./dic. 1995)
Record control number REV11077

No hay ítems disponibles.